Using Lagrangian Coherent Structures to Analyze Fluid Flows / (Record no. 525075)
[ view plain ]
| 000 -LEADER | |
|---|---|
| fixed length control field | 00530nam a22001817a 4500 |
| 003 - CONTROL NUMBER IDENTIFIER | |
| control field | NUST |
| 005 - DATE AND TIME OF LATEST TRANSACTION | |
| control field | 20190628054846.0 |
| 008 - FIXED-LENGTH DATA ELEMENTS--GENERAL INFORMATION | |
| fixed length control field | 190628b ||||| |||| 00| 0 eng d |
| 038 ## - RECORD CONTENT LICENSOR | |
| Staff Name | Mr.Zahoor |
| 082 ## - DEWEY DECIMAL CLASSIFICATION NUMBER | |
| Classification number | 620.1 |
| 100 ## - MAIN ENTRY--PERSONAL NAME | |
| Personal name | Auwais Ahmed |
| 9 (RLIN) | 15860 |
| 245 ## - TITLE STATEMENT | |
| Title | Using Lagrangian Coherent Structures to Analyze Fluid Flows / |
| Statement of responsibility, etc. | Auwais Ahmed |
| 260 ## - PUBLICATION, DISTRIBUTION, ETC. | |
| Place of publication, distribution, etc. | Islambad : |
| Name of publisher, distributor, etc. | CEME NUST, |
| Date of publication, distribution, etc. | 2014. |
| 300 ## - PHYSICAL DESCRIPTION | |
| Extent | ill : 108 p. ; |
| Dimensions | 30cm. |
| Accompanying material | CD. |
| 500 ## - GENERAL NOTE | |
| General note | Hardcover. |
| 600 ## - SUBJECT ADDED ENTRY--PERSONAL NAME | |
| Personal name | Mechanical Engineering -MS-Thesis |
| 9 (RLIN) | 15652 |
| 942 ## - ADDED ENTRY ELEMENTS (KOHA) | |
| Source of classification or shelving scheme | |
| Koha item type | Thesis |
| Withdrawn status | Lost status | Source of classification or shelving scheme | Damaged status | Not for loan | Permanent Location | Current Location | Date acquired | Total Checkouts | Full call number | Barcode | Date last seen | Price effective from | Koha item type |
|---|---|---|---|---|---|---|---|---|---|---|---|---|---|
| Central Library (CL) | Central Library (CL) | 06/28/2019 | 620.1 | CL-T-160 | 06/30/2019 | 06/28/2019 | Thesis |
